[Event "Asian Nation Cup Open 2018"]
[Site "Hamedan"]
[Date "2018.08.01"]
[Round "5"]
[White "Wen, Yang"]
[Black "Sethuraman, S P"]
[Result "1/2-1/2"]
[WhiteElo "2599"]
[BlackElo "2657"]
[Annotator "TA"]
[PlyCount "56"]
[EventDate "2018.07.27"]
[EventType "swiss"]
[EventCountry "IRI"]
[SourceTitle "playchess.com"]
[Source "ChessBase"]
[SourceQuality "1"]
[WhiteTeam "China"]
[BlackTeam "India"]
[WhiteTeamCountry "CHN"]
[BlackTeamCountry "IND"]

{[%evp 15,56,16,22,18,31,0,17,12,25,19,81,89,60,30,30,30,30,25,30,23,31,22,25,12,46,37,66,58,56,51,63,62,75,47,95,90,88,57,60,39,37,45,45]} 1. e4 d6 {[%cal Bd7d6,Bd6d5][%mdl 32]} 2. d4 Nf6 3. Bd3 e5 4. c3 d5 5. dxe5 Nxe4 6. Nf3 Nc6 7. Nbd2 Nc5 8. Bb5 {B07: Pirc-Ufimzew-Verteidigung} Be7 {LiveBook: 3 Partien} 9. Nb3 O-O 10. h3 Ne4 $146 ({Vorgänger:} 10... f6 11. exf6 Rxf6 12. O-O h6 13. Re1 a6 14. Bxc6 Rxc6 15. Re5 Nxb3 16. Rxd5 {1-0 (53) Rabiega,R (2455)-Mikac,M (2390) Austria 1994}) 11. O-O Bf5 12. Be3 a6 (12... a5 $11 {hält das Gleichgewicht.}) 13. Bxc6 $16 bxc6 14. Nfd2 a5 15. Nxe4 Bxe4 16. Nc5 Bxc5 17. Bxc5 Re8 18. f3 Bf5 19. Qd4 Qb8 20. Rf2 Qb5 21. Re1 a4 22. Bb4 Qc4 23. g4 Bc8 24. f4 {[%cal Bf3f4,Bf4f5][%mdl 32]} Rb8 {[#] ...Dxd4 ist eine echte Drohung.} 25. Qxc4 dxc4 26. f5 Rb5 {Weiß steht etwas besser.} 27. Rf4 Rbxe5 28. Rxe5 Rxe5 {Precision: Weiß = 71%, Schwarz = 50%.} 1/2-1/2

[Event "Asian Nation Cup Open 2018"]
[Site "Hamedan"]
[Date "2018.08.01"]
[Round "5"]
[White "Bai, Jinshi"]
[Black "Gupta, Abhijeet"]
[Result "1/2-1/2"]
[WhiteElo "2588"]
[BlackElo "2614"]
[Annotator "TA"]
[PlyCount "93"]
[EventDate "2018.07.27"]
[EventType "swiss"]
[EventCountry "IRI"]
[SourceTitle "playchess.com"]
[Source "ChessBase"]
[SourceQuality "1"]
[WhiteTeam "China"]
[BlackTeam "India"]
[WhiteTeamCountry "CHN"]
[BlackTeamCountry "IND"]

{[%evp 18,93,14,14,14,20,21,4,7,14,33,43,41,23,31,16,87,115,180,179,170,171,182,192,241,176,176,177,170,159,159,159,160,160,160,164,162,164,162,164,164,164,164,164,162,162,97,97,96,90,122,126,113,106,139,123,140,53,43,30,105,0,64,0,86,60,60,8,8,17,8,9,37,0,5,0,37,0]} 1. Nf3 Nf6 2. c4 g6 3. Nc3 d5 4. cxd5 Nxd5 5. e4 Nxc3 6. dxc3 Qxd1+ 7. Kxd1 f6 8. h4 {A16: Englische Eröffnung} e5 9. h5 g5 10. Be3 {LiveBook: 5 Partien. Die Stellung ist ausgeglichen.} Nd7 11. Nh2 $146 {[%cal Bf3h2,Bh2f1,Bf1g3,Bg3f5][%mdl 32]} ({Vorgänger:} 11. Bc4 Nc5 12. Nd2 Bd7 13. Kc2 b5 14. Be2 a5 15. g4 Bd6 {½-½ (28) Nisipeanu,L (2673)-Sutovsky,E (2689) Austria 2018}) 11... Nc5 12. f3 a5 13. Bc4 Bd7 14. Kc2 Bd6 15. Rhd1 $36 {[%mdl 2048] Schwarz steht unter Druck.} Ke7 16. Nf1 g4 (16... b5 $11 {bleibt in der Remisbreite.} 17. Be2 Ne6) 17. Ng3 $16 Rad8 (17... Na4 $16 {war einen Versuch wert.}) 18. Nf5+ $18 Bxf5 19. exf5 g3 20. Rh1 Kd7 21. Rh3 e4 22. Rd1 Nd3 23. Bxd3 exd3+ 24. Rxd3 Rde8 25. f4 Rhg8 {[#]} 26. Kd1 $1 Kc6 27. Bd2 Rg4 28. Rdxg3 ({Keinesfalls} 28. Rhxg3 Rh4 $16) 28... Reg8 29. Rxg4 Rxg4 {[%mdl 4096] Endspiel KTL-KTL} 30. g3 Kd5 31. Be1 Ke4 (31... Rg7 $18 32. Bf2 Ke4) 32. Rh2 $16 Rg8 33. Rd2 Kxf5 34. Rd5+ Kg4 35. Rxa5 f5 36. Ke2 c6 37. Bf2 (37. b4 $16) 37... Re8+ $14 38. Kd1 Rf8 (38... Rd8 $11 39. Ke2 Re8+ 40. Kd1 Re7) 39. Ke2 Re8+ $1 40. Kd1 Rf8 41. Ra7 Rf7 42. Ra8 ({Günstiger ist} 42. Be1 $14) 42... Rd7 43. Kc2 {Droht stark Tg8+.} Kf3 $1 {[%cal Rf3f2]} 44. Be1 Re7 45. Kd1 {Mit der Idee Td8.} Rd7 $1 46. Kc2 Re7 47. Kd1 {Precision: Weiß = 62%, Schwarz = 73%.} 1/2-1/2

[Event "Asian Nation Cup Open 2018"]
[Site "Hamedan"]
[Date "2018.08.01"]
[Round "5"]
[White "Idani, Pouya"]
[Black "Tran, Tuan Minh"]
[Result "1/2-1/2"]
[WhiteElo "2583"]
[BlackElo "2520"]
[Annotator "TA"]
[PlyCount "58"]
[EventDate "2018.07.27"]
[EventType "swiss"]
[EventCountry "IRI"]
[SourceTitle "playchess.com"]
[Source "ChessBase"]
[SourceQuality "1"]
[WhiteTeam "Iran"]
[BlackTeam "Vietnam"]
[WhiteTeamCountry "IRI"]
[BlackTeamCountry "VIE"]

{[%evp 21,58,3,0,0,0,0,0,-10,0,0,0,0,15,10,9,0,0,0,0,0,0,0,0,0,17,-8,0,-5,-8,-4,0,0,0,0,0,0,0,0,0]} 1. e4 c5 2. Nf3 d6 3. d4 cxd4 4. Nxd4 Nf6 5. Nc3 a6 6. h3 e5 7. Nde2 h5 {B90: Sicilian Najdorf: Unusual White 6th moves, 6 Be3 Ng4 and 6 Be3 e5} (7... b5 8. Ng3 Qc7 9. Bd3 g6 10. O-O Bg7 11. Bd2 O-O 12. a4 b4 13. Na2 a5 14. c3 bxc3 15. Nxc3 Be6 {½-½ (40) Svidler,P (2760)-Khismatullin,D (2632) Sochi 2018}) 8. Bg5 Be7 9. Ng3 g6 10. Bc4 Be6 11. Bxf6 Bxf6 {LiveBook: 3 Games. The position is equal.} 12. Nd5 Bg5 13. a4 $146 ({Predecessor:} 13. c3 Nd7 14. Bb3 O-O 15. O-O {½-½ (25) Naroditsky,D (2483)-Andriasian,Z (2605) Groningen 2012}) 13... O-O 14. Ne2 Nc6 15. O-O Rc8 16. c3 Bh6 17. Qd3 Kh7 18. Rad1 Na5 19. Ba2 b5 20. axb5 axb5 21. b3 b4 22. cxb4 Nc6 {[#] ...Bxd5 is the strong threat.} 23. b5 Bxd5 $1 24. bxc6 Bxc6 25. b4 Qb6 {Threatens to win with ...Bb5.} 26. Qxd6 Qa6 27. Nc3 Qa3 $1 {[%cal Ra3c3]} 28. b5 Qxc3 29. bxc6 Rxc6 {Precision: White = 80%, Black = 80%.} 1/2-1/2

[Event "Asian Nation Cup Open 2018"]
[Site "Hamedan"]
[Date "2018.08.01"]
[Round "5"]
[White "Firouzja, Alireza"]
[Black "Nguyen, Duc Hoa"]
[Result "1-0"]
[WhiteElo "2561"]
[BlackElo "2441"]
[Annotator "TA"]
[PlyCount "47"]
[EventDate "2018.07.27"]
[EventType "swiss"]
[EventCountry "IRI"]
[SourceTitle "playchess.com"]
[Source "ChessBase"]
[SourceQuality "1"]
[WhiteTeam "Iran"]
[BlackTeam "Vietnam"]
[WhiteTeamCountry "IRI"]
[BlackTeamCountry "VIE"]

{[%evp 20,47,22,1,123,118,110,110,165,175,172,138,279,270,277,268,346,357,349,350,348,328,357,219,1391,1291,29987,29988,29988,1741]} 1. e4 c5 2. Nf3 e6 3. d4 cxd4 4. Nxd4 Nc6 5. Nc3 Qc7 6. Be3 a6 7. Qf3 {B48: Sicilian: Taimanov: 5 Nc3 Qc7 6 Be3 a6 without Be2} Nf6 8. O-O-O Ne5 9. Qg3 b5 10. a3 Bb7 {[#]} 11. Bxb5 $1 {[%mdl 512] LiveBook: 6 Games. With the idea Ba4.} axb5 (11... Rc8 $1 $11 {remains equal.}) (11... Rc8 12. Ba4 Nxe4 13. Nxe4 Bxe4 14. Bf4 Qc4 15. Bxe5 Qxa4 {1-0 (38) Vachier Lagrave,M (2789)-Anand,V (2776) Karlsruhe/Baden-Baden 2018}) 12. Ndxb5 $16 Qb8 13. Bb6 $1 {[%cal Be3b6,Bb6c7,Bc7d6][%mdl 32]} Nc4 $146 (13... Bc6 $16 {was called for.}) ({Predecessor:} 13... Ng6 14. Nc7+ Ke7 15. Qd6+ Kd8 16. Nxa8+ Kc8 17. Qxb8+ Kxb8 18. Nc7 Be7 19. N7b5 Rc8 20. Rhe1 {1-0 (20) Hector,J (2502)-Johansson,G (2212) Gothenburg 2018}) 14. Bc7 $1 $18 {[%cal Rc7b8]} (14. Nc7+ Ke7 $16) 14... Qc8 15. Rd4 $1 {[%cal Rd4c4]} Nxa3 {[#]} (15... d5 $2 16. exd5 Bxd5 17. Nxd5) (15... Nxb2 $16 {might work better.} 16. Kxb2 Nxe4 17. Nxe4 Bxe4) 16. Nd6+ $1 (16. bxa3 Bxa3+ 17. Nxa3 Rxa3 $11) 16... Bxd6 17. Bxd6 Nc4 {[#]} 18. Rxc4 $1 Qxc4 (18... Ra1+ 19. Nb1 $18) 19. Qxg7 O-O-O (19... Ra1+ 20. Nb1 Qxc2+ 21. Kxc2 Bxe4+ 22. Kd2 Kd8 23. Qxf6+ Kc8 24. Qxh8+ Kb7 25. Qb8+ Ka6 26. Bc5 Bb7 27. Nc3 Rd1+ 28. Rxd1 Bxg2 29. Qb6#) 20. Qxf6 Rhg8 21. Qe5 $40 {[%mdl 128] Hoping for Qa5. White is out for blood.} ({Not} 21. Qxf7 Bxe4 22. Qf4 Bd5 $14) 21... Rxg2 $2 (21... Bc6 22. Qa5 Kb7 23. Qc7+ Ka8) 22. Qa5 {White threatens Nb5 and mate.} Rdg8 23. b3 R8g5 24. Qa7 {Precision: White = 78%, Black = 22%.} (24. bxc4 $2 {is the wrong capture.} Rxa5 25. Kb2 f5 $19) (24. e5 $142 Rxe5 25. Bxe5 (25. bxc4 $2 {too greedy.} Rxa5 26. Kb2 Rxf2 $19) 25... Rg5 26. bxc4 Rxe5 27. Qxe5 Kd8 28. Qb8+ Ke7 29. Qxb7) 1-0

[Event "Asian Nation Cup Open 2018"]
[Site "Hamedan"]
[Date "2018.08.01"]
[Round "5"]
[White "Pourramezanali, Amirreza"]
[Black "Sindarov, Javokhir"]
[Result "1-0"]
[WhiteElo "2537"]
[BlackElo "2474"]
[Annotator "TA"]
[PlyCount "61"]
[EventDate "2018.07.27"]
[EventType "swiss"]
[EventCountry "IRI"]
[SourceTitle "playchess.com"]
[Source "ChessBase"]
[SourceQuality "1"]
[WhiteTeam "Iran"]
[BlackTeam "Uzbekistan"]
[WhiteTeamCountry "IRI"]
[BlackTeamCountry "UZB"]

{[%evp 22,61,49,44,61,60,58,46,59,75,64,62,68,61,64,54,63,63,72,74,71,72,86,75,93,95,161,148,229,254,489,484,625,564,1288,1264,29991,29992,29992,29993,29993,1175]} 1. e4 e5 2. Nf3 Nc6 3. Bb5 a6 4. Ba4 Nf6 5. O-O Be7 6. d3 d6 7. c3 O-O 8. Re1 Re8 9. Nbd2 Bf8 10. h3 b5 11. Bc2 h6 {C87: Closed Ruy Lopez: Steinitz-type lines after 6 Re1 d6} 12. d4 {LiveBook: 94 Games} exd4 13. cxd4 Bb7 {White is slightly better.} 14. b3 Nb4 15. Bb1 $1 {[#]} g6 $146 ({Predecessor:} 15... d5 16. e5 Ne4 17. Nxe4 dxe4 18. Bxe4 Bxe4 19. Rxe4 {1-0 (38) Akopian,V (2693)-Kharlov,A (2614) Moscow 2005}) 16. Bb2 Bg7 17. a3 Nc6 18. Bd3 Nd7 19. Qc2 Rc8 20. Rad1 Qe7 21. Qb1 Nb6 22. Rc1 Nd8 23. d5 c6 (23... Bxb2 $16 24. Qxb2 Nd7) 24. e5 dxe5 (24... Qf8 $16 {is a better defense.}) 25. Bxe5 $18 Qxa3 $2 {[#]} (25... Bxe5 26. Rxe5 Qf8) 26. Bxg6 $1 {[%mdl 512] aiming for Bh7+.} Bxe5 (26... fxg6 27. Qxg6) 27. Nxe5 {Strongly threatening Bxf7+!} ({Weaker is} 27. Rxe5 Rxe5 28. Nxe5 Rc7 $16) 27... Kg7 28. Bxf7 {Threatening mate with Qg6+.} Rxe5 29. Qg6+ {White mates.} ({Less strong is} 29. Rxe5 Nxf7 30. Re3 (30. Re6 Nxd5 31. Rce1 Rd8 $16) 30... Nxd5 $16) 29... Kf8 30. Qg8+ Ke7 31. Rxe5+ {Precision: White = 90%, Black = 27%.} (31. Qe8+ $142 Kf6 32. Qxe5+ Kxf7 33. Rc3 Qb4 34. Qf5+ Kg8 35. Qg6+ Kh8 36. Re8+ Qf8 37. Rxf8#) 1-0

[Event "Asian Nation Cup Open 2018"]
[Site "Hamedan"]
[Date "2018.08.01"]
[Round "5"]
[White "Ismagambetov, Anuar"]
[Black "Tahbaz, Arash"]
[Result "1/2-1/2"]
[WhiteElo "2529"]
[BlackElo "2449"]
[Annotator "ChessBase"]
[PlyCount "36"]
[EventDate "2018.07.27"]
[EventType "swiss"]
[EventCountry "IRI"]
[SourceTitle "playchess.com"]
[Source "ChessBase"]
[SourceQuality "1"]
[WhiteTeam "Kazakhstan"]
[BlackTeam "Iran"]
[WhiteTeamCountry "KAZ"]
[BlackTeamCountry "IRI"]
[TimeControl "40/5400+30:1800+30"]

1. e4 {[%emt 0:00:00]} e5 {[%emt 0:00:00]} 2. Nf3 {[%emt 0:00:06]} Nc6 {[%emt 0:00:00]} 3. Bb5 {[%emt 0:00:24]} a6 {[%emt 0:00:00]} 4. Ba4 {[%emt 0:00:06]} Nf6 {[%emt 0:00:00]} 5. O-O {[%emt 0:00:47]} b5 {[%emt 0:00:00]} 6. Bb3 {[%emt 0:00:10]} Bb7 {[%emt 0:00:02]} 7. d3 {[%emt 0:04:03]} Be7 {[%emt 0:00:06]} 8. Nc3 {[%emt 0:04:41]} O-O {[%emt 0:00:04]} 9. Bd2 {[%emt 0:01:54]} d6 {[%emt 0:00:04]} 10. Nd5 {[%emt 0:02:43]} Nxd5 {[%emt 0:00:03]} 11. Bxd5 {[%emt 0:00:05]} Qc8 {[%emt 0:00:05]} 12. Re1 {[%emt 0:18:44]} Bf6 {[%emt 0:00:02]} 13. c3 {[%emt 0:03:36]} Ne7 {[%emt 0:00:03]} 14. Bxb7 {[%emt 0:00:41]} Qxb7 {[%emt 0:00:02]} 15. d4 {[%emt 0:01:21]} Ng6 {[%emt 0:00:03]} 16. Qc2 {[%emt 0:03:07]} Rfe8 {[%emt 0:01:00]} 17. Rad1 {[%emt 0:00:22]} exd4 {[%emt 0:06:25]} 18. cxd4 {[%emt 0:03:46]} c5 {[%emt 0:00:03]} 1/2-1/2

[Event "Asian Nation Cup Open 2018"]
[Site "Hamedan"]
[Date "2018.08.01"]
[Round "5"]
[White "Yakubboev, Nodirbek"]
[Black "Ghaem Maghami, Ehsan"]
[Result "1/2-1/2"]
[WhiteElo "2512"]
[BlackElo "2537"]
[Annotator "TA"]
[PlyCount "79"]
[EventDate "2018.07.27"]
[EventType "swiss"]
[EventCountry "IRI"]
[SourceTitle "playchess.com"]
[Source "ChessBase"]
[SourceQuality "1"]
[WhiteTeam "Uzbekistan"]
[BlackTeam "Iran"]
[WhiteTeamCountry "UZB"]
[BlackTeamCountry "IRI"]

{[%evp 20,79,27,26,41,32,58,39,37,14,77,46,46,37,81,68,97,93,87,86,94,77,107,107,107,107,121,113,124,92,139,132,159,108,110,94,99,84,107,100,107,110,115,80,108,112,129,80,181,92,77,0,132,0,68,37,83,63,72,37,37,50]} 1. d4 d5 2. c4 dxc4 3. e4 e5 4. Nf3 exd4 5. Bxc4 Nc6 6. O-O Be6 7. Bxe6 fxe6 8. Qb3 Qd7 {D20: Angenommenes Damengambit} 9. Qxb7 Rb8 10. Qa6 Bd6 (10... Nf6 11. Nbd2 Bb4 12. Qd3 Bxd2 13. Bxd2 Rxb2 14. Rac1 O-O 15. Rc5 Rfb8 16. Rfc1 R8b6 17. h3 h6 18. a4 Ne8 19. Bc3 R2b3 {1-0 (48) Wojtaszek,R (2746)-Socko,B (2604) Czech Republic 2016}) 11. Nbd2 {LiveBook: 14 Partien} e5 12. Qe2 Nf6 13. Nc4 O-O 14. Bd2 $146 ({Vorgänger:} 14. Bg5 Qe6 15. Rac1 Ne7 16. Nxd6 cxd6 {0-1 (27) Pesztericz,L (2132)-Wozniak,M (2016) Banska Stiavnica 2013}) 14... Qe8 (14... Be7 $1 $11) 15. Rac1 Nd8 16. Ne1 ({Bitte nicht} 16. Nxd6 cxd6 17. b4 Nf7 $15) 16... Qa4 17. Nd3 Nf7 18. a3 Nd7 19. b4 Qb5 20. f3 Rfc8 21. Qd1 Nb6 22. Qb3 Nxc4 23. Rxc4 Qe8 24. Qc2 Nh8 25. a4 Nf7 26. Rc1 (26. b5 $142) 26... Rb6 $16 27. Rc6 Ra8 28. Qc4 Rxc6 29. Qxc6 Qxc6 30. Rxc6 a6 31. Nc5 Ra7 32. Ne6 Ra8 33. Kf1 h6 (33... Re8 $16 {war nötig.}) 34. Nc5 (34. a5 $18) 34... Ra7 35. Ne6 (35. Nd3 $142) 35... Ra8 $1 36. Nc5 ({Günstiger ist} 36. Ke2 $16) 36... Ra7 $1 $14 37. Nb3 Kf8 38. Ke2 Ke7 39. Kd3 Nd8 40. Rc1 {Precision: Weiß = 52%, Schwarz = 38%.} 1/2-1/2

[Event "Asian Nation Cup Open 2018"]
[Site "Hamedan"]
[Date "2018.08.01"]
[Round "5"]
[White "Gholami, Aryan"]
[Black "Jumabayev, Rinat"]
[Result "0-1"]
[WhiteElo "2490"]
[BlackElo "2594"]
[Annotator "TA"]
[PlyCount "104"]
[EventDate "2018.07.27"]
[EventType "swiss"]
[EventCountry "IRI"]
[SourceTitle "playchess.com"]
[Source "ChessBase"]
[SourceQuality "1"]
[WhiteTeam "Iran"]
[BlackTeam "Kazakhstan"]
[WhiteTeamCountry "IRI"]
[BlackTeamCountry "KAZ"]

{[%evp 12,104,13,13,34,20,27,11,5,8,0,0,16,0,0,0,-12,-10,50,-93,-69,-195,-41,-47,-35,-46,-37,-44,-52,-26,-5,-52,-41,-64,-42,-85,-88,-87,-83,-82,-97,-98,-85,-71,-71,-91,-67,-191,-170,-192,-189,-222,-169,-164,-118,-114,-113,-113,-113,-403,-390,-460,-462,-480,-431,-432,-420,-474,-465,-579,-572,-602,-402,-632,-629,-616,-608,-602,-549,-537,-535,-621,-625,-766,-759,-1285,-1256,-29977,-29978,-29976,-29977,-29979,-29979,-29996,-29997]} 1. e4 c5 2. Nf3 d6 3. c3 Nf6 4. Be2 Nbd7 5. d3 b6 6. O-O Bb7 7. Re1 {LiveBook: 64 Partien} e5 {B50: Sizilianisch (Verschiedenes mit 2...d6)} (7... g6 8. Bf1 Bg7 9. a3 O-O 10. b4 c4 11. Nbd2 cxd3 12. Bxd3 Rc8 13. Bb2 d5 14. Qb3 dxe4 15. Nxe4 Nxe4 16. Bxe4 Bxe4 17. Rxe4 {½-½ (35) Neuman,P (2420)-Hracek,Z (2608) Prague 2016}) 8. Nbd2 Be7 9. d4 cxd4 $146 {Die Stellung ist ausgeglichen.} (9... Nxe4 $6 10. Nxe4 Bxe4 11. dxe5 $16) ({Vorgänger:} 9... O-O 10. Bd3 a6 11. dxe5 Nxe5 12. Nxe5 dxe5 13. Qe2 b5 14. b3 Qd7 15. Nf1 {0-1 (77) Escandell Mari,J (2302)-Garriga Cazorla,P (2385) Barcelona 2017}) 10. cxd4 exd4 11. Nxd4 O-O 12. Nf5 Re8 13. Bb5 {Und Sc4 würde nun gewinnen.} Bf8 14. Nc4 Nxe4 (14... Rxe4 $11 15. Ncxd6 Rxe1+ 16. Qxe1 Bd5) 15. Qg4 ({Falsch wäre} 15. Ncxd6 $2 Nxd6 16. Nxd6 (16. Rxe8 $2 Qxe8 17. Nxd6 Bxd6 $19) 16... Rxe1+ 17. Qxe1 Bxd6 $19) (15. f3 $14 {bleibt weiter vorne.} Nef6 16. Ncxd6 Rxe1+ 17. Qxe1 Bxd6 18. Nxd6) 15... Re6 $1 $17 16. Nd4 {[#]} (16. Ncxd6 $15 Ne5 17. Nxb7 Nxg4 18. Nxd8 Rxd8 19. Be3) 16... Qf6 $2 (16... Rg6 $1 $19 {[%cal Rg6g4]} 17. Qxd7 Qh4) 17. Be3 $15 Ne5 18. Nxe5 Rxe5 19. Rac1 Rg5 20. Qf4 {zielt auf Dxf6 ab.} Qg6 21. g3 {und nun wäre Tc7 stark für Weiss.} (21. Bf1 $5 {[%cal Rf2f3]} h6 22. Rc7 $11) 21... Rc5 22. Bc6 Ng5 23. Qg4 {[#]} Bxc6 $1 24. Nxc6 h5 25. Qe2 Re8 26. h4 Rxc1 27. Rxc1 Ne4 28. Qf3 d5 29. b4 (29. Nxa7 $15 Bc5 30. Bxc5 bxc5 31. Nb5) 29... Re6 $36 {[%mdl 2048] Läuft bei Schwarz.} 30. b5 Ba3 31. Re1 Rf6 32. Qg2 a6 33. Bd4 axb5 34. Bxf6 Qxf6 35. Na7 $2 {[%mdl 8192]} (35. f3 $17 Bc5+ 36. Kh2 Nxg3 37. Qxg3 (37. Re8+ $2 Kh7 $19) 37... Qxc6 38. Kg2) 35... Bc5 {[%cal Rc5f2]} 36. Re2 b4 37. Rc2 {[#]} b3 $1 {[%mdl 512]} 38. axb3 Qa1+ 39. Kh2 Qxa7 40. Qf3 g6 41. Qf4 Qe7 42. b4 (42. Kg2 $142) 42... Bd6 43. Qe3 Qxh4+ 44. Kg2 Qd8 45. Qd4 Bf8 46. Rc6 b5 47. f3 Ng5 48. Qd3 Qd7 49. Qxb5 Qh3+ {Schwarz setzt Matt.} 50. Kf2 Qh2+ 51. Ke3 Qg1+ 52. Kf4 Qd4+ {Precision: Weiß = 25%, Schwarz = 59%.} 0-1

[Event "Asian Nation Cup Open 2018"]
[Site "Hamedan"]
[Date "2018.08.01"]
[Round "5"]
[White "Nguyen, Anh Khoi"]
[Black "Tabatabaei, M amin"]
[Result "1/2-1/2"]
[WhiteElo "2454"]
[BlackElo "2590"]
[Annotator "TA"]
[PlyCount "100"]
[EventDate "2018.07.27"]
[EventType "swiss"]
[EventCountry "IRI"]
[SourceTitle "playchess.com"]
[Source "ChessBase"]
[SourceQuality "1"]
[WhiteTeam "Vietnam"]
[BlackTeam "Iran"]
[WhiteTeamCountry "VIE"]
[BlackTeamCountry "IRI"]

{[%evp 16,100,0,2,18,24,31,18,26,9,8,-13,-11,-25,-20,-45,-45,-45,-45,-50,-47,-48,-45,-49,29,-34,15,-36,-38,-86,-93,-62,0,-9,0,0,0,0,0,-33,0,0,0,0,142,134,236,239,222,-82,93,102,102,102,259,261,264,119,136,126,138,125,125,132,135,132,129,142,120,135,222,218,229,22,20,8,8,-1,0,0,14,0,0,0,4,0,0]} 1. d4 {Tiviakov,S} Nf6 2. c4 e6 3. g3 d5 4. Bg2 Bb4+ 5. Bd2 Be7 6. Nf3 O-O 7. O-O c6 8. Na3 {E11: Damenindisch (Bogoljubow-Variante)} b6 9. Rc1 {LiveBook: 5 Partien} Nbd7 10. cxd5 cxd5 11. Qb3 $146 ({Vorgänger:} 11. Qa4 Bb7 12. Bf4 Ne8 13. Nb5 a6 14. Nc7 {0-1 (39) Naiditsch,A (2708)-Tiviakov,S (2655) Wijk aan Zee 2013 CBM 153 [Tiviakov,S]}) 11... Ne4 12. Be3 a6 {[%cal Ba7a6,Ba6a5,Ba5a4][%mdl 32]} 13. Nb1 (13. Bf4 {feels hotter.} b5 14. Qc2 Ndf6 15. Ne5 Bd7 16. Qd3) 13... a5 14. Nc3 Nxc3 15. bxc3 Ba6 16. Rfe1 b5 17. Bd2 f5 18. Rb1 a4 19. Qd1 g5 (19... Rc8 $15) 20. h3 ({Günstiger ist} 20. Qc1 $1 $11) 20... Rc8 21. e3 (21. Qc1 $1 $11) 21... h5 $15 22. g4 hxg4 (22... fxg4 $6 23. hxg4 hxg4 24. Nh2 $11) 23. hxg4 Bd6 (23... Kg7 $15) 24. gxf5 $11 exf5 25. e4 dxe4 {Droht stark ...Lf4.} (25... fxe4 $6 26. Nxg5 Nf6 27. f3 $16) 26. Nxg5 Nf6 27. f3 {[%cal Bf2f3,Bf3e4,Be4e5][%mdl 32]} Nh7 {Und ...e3 würde nun gewinnen.} (27... b4 $5 28. cxb4 (28. Ne6 Qe8 $17) 28... Bc4 $15) 28. fxe4 Nxg5 29. Qh5 Nh7 (29... f4 $11 30. e5 Be7) 30. e5 $1 $16 {[%cal Re5d6][%mdl 1024] Weiss hat starke Kompensation.} ({Minderwertig wäre} 30. exf5 Kh8 $17) 30... Be7 (30... Ba3 $16 {ist eine bessere Verteidigung.}) 31. Re3 $1 $18 {[%cal Re3g3]} ({Jedoch nicht} 31. Qg6+ $6 Kh8 $16) 31... Rc7 {Droht ...Lg5 und aus.} 32. Qg6+ (32. Rg3+ $1 $18 {und der Rest ist Schweigen.} Kh8 33. Rh3) 32... Kh8 $16 33. Rh3 $1 {[%csl Gg6][%cal Rh3h7]} ({Viel schlechter ist} 33. Qxa6 Bg5 $11) 33... Bf6 34. exf6 Rxf6 $2 (34... Rg8 $16 35. Qxf5 Bc8) 35. Qh5 $18 Qg8 36. Kh1 (36. Bf4 $18 {ist viel giftiger.} Rg7 37. Rb2) 36... Rg7 $16 37. Bf3 $1 f4 {[#] ...Lc8 ist eine echte Drohung.} 38. Re1 $1 {[%cal Re1e8]} Bc8 39. Re8 Rf8 40. Rxf8 Qxf8 41. Rh4 Qe7 42. Rxf4 {zielt auf c4 ab.} Bb7 (42... Rg5 $16 43. Qh4 Bb7) 43. d5 $18 Rg5 {[#]} 44. Qh4 $2 (44. Qh3 $1 $18) 44... Qc5 $1 $11 {[%csl Gg5][%cal Rc5g1] Die Stellung ist ausgeglichen.} 45. Qe1 Bxd5 46. Be3 $132 {[%mdl 2048] Weiss puts up resistance} Re5 47. Bxc5 Rxe1+ 48. Kh2 Bxf3 49. Rxf3 {Und weiter mit Tg3 wäre nett.} Ng5 50. Rf2 Kh7 {Precision: Weiß = 49%, Schwarz = 63%.} 1/2-1/2